PUTRAJAYA Wetlands

Bibliographic Details
Corporate Author: Perbadanan Putrajaya
Format: Book
Published: Putrajaya, Selangor : Perbadanan Putrajaya , 1999
Subjects:

MARC

LEADER 00000cam a2200000 7i4500
001 0000002019
005 20020805.0
020 0 0 |a 983400320X 
090 0 0 |a R354.3409595116   |b PUT 1999 
245 0 0 |a PUTRAJAYA Wetlands 
260 0 0 |a Putrajaya, Selangor :   |b Perbadanan Putrajaya ,   |c 1999 
300 |a 145 p. :   |b col. ill. ;   |c 27 cm. 
500 0 0 |a Bibliography: p. 144-145 
650 0 0 |a Wetland management   |z Putrajaya 
650 0 0 |a Wetland   |z Putrajaya 
710 1 1 |a Perbadanan Putrajaya 
998 |a JPSM 
999 |a 0000003332   |b Monograph   |c Reference   |e Default branch